| 000 | 00653nam a2200193Ia 4500 | ||
|---|---|---|---|
| 003 | GCL | ||
| 008 | 140319s9999 xx 000 0 ara d | ||
| 040 |
_aGCL / _cGCL |
||
| 082 | 0 | 4 |
_a811.1 _bز د |
| 100 | 1 | _aالاعلم الشنتمرى، يوسف بن سليم | |
| 245 | 1 | 0 |
_aديوان زهير بن ابى سلمى / _cالاعلم الشنتمرى، يوسف بن سليم |
| 700 | 1 | _aزهير بن أبى سلمى ربيعة بن رباح،520-610؟ م | |
| 300 | _a98 ص | ||
| 490 |
_aكتاب _v0 |
||
| 650 | 0 | 4 | _aالشعر العربى |
| 650 | 0 | 4 | _aالادب العربى |
| 650 | 0 | 4 | _aزهير بن ابى سلمى |
| 942 |
_2ddc _cBK |
||
| 999 |
_c41154 _d41154 |
||